000 01170cam a22003134i 4500
999 _c21782
_d21782
001 18054313
003 OSt
005 20200609140740.0
008 140304s2014 ii b 001 0 eng
010 _a 2014004949
020 _a9788132113652 (hardback : alk. paper)
040 _aDLC
_beng
_coclc
_erda
_dDLC
042 _apcc
043 _aaz-----
050 0 0 _aJQ98.A67
_bG68 2014
082 0 0 _a352.630954
_bCHA/G
100 _9848
_aChalam, K S
245 0 0 _aGovernance in South Asia :
_bstate of the civil services /
_c K.S. Chalam.
264 1 _aNew Delhi :
_bSAGE Publications,
_c2014.
300 _a 293 pages ;
_c22 cm
336 _atext
_btxt
_2rdacontent
337 _aunmediated
_bn
_2rdamedia
338 _avolume
_bnc
_2rdacarrier
504 _aIncludes bibliographical references (pages 276-279) and index.
700 1 _aChalam, K. S.
_q(Kurmana Simha),
_d1948-
906 _a7
_bcbc
_corignew
_d1
_eecip
_f20
_gy-gencatlg
942 _2ddc
_cBK
_h352.630954
_iCHA/G
_k352.630954
_mCHA/G